Concrete admixtures : (Record no. 548548)

000 -LEADER
fixed length control field 00576cam a2200157 i 4500
082 00 - DEWEY DECIMAL CLASSIFICATION NUMBER
Classification number 666.893
Author Mark CEM
-- L-21, P-64
110 2# - MAIN ENTRY--CORPORATE NAME
Corporate name or jurisdiction name as entry element Cement Admixtures Association.
9 (RLIN) 44897
245 10 - TITLE STATEMENT
Title Concrete admixtures :
Remainder of title use and applications /
Statement of responsibility, etc. edited by M. R. Rixom on behalf of the Cement Admixtures Association.
260 ## - PUBLICATION, DISTRIBUTION, ETC.
Place of publication, distribution, etc. Lancaster [Eng.] ;
-- New York :
Name of publisher, distributor, etc. Construction Press,
Date of publication, distribution, etc. 1977.
300 ## - PHYSICAL DESCRIPTION
Extent 87 p. :
Other physical details ill. ;
Dimensions 31 cm.
526 ## - STUDY PROGRAM INFORMATION NOTE
Program name 0
Interest level 0
Reading level 0
Title point value 666_893000000000000_CEM
650 #0 - SUBJECT ADDED ENTRY--TOPICAL TERM
Topical term or geographic name entry element Concrete
General subdivision Additives.
9 (RLIN) 565
650 #0 - SUBJECT ADDED ENTRY--TOPICAL TERM
Topical term or geographic name entry element MCE
9 (RLIN) 379
700 1# - ADDED ENTRY--PERSONAL NAME
Personal name Rixom, M. R.
9 (RLIN) 41033
942 ## - ADDED ENTRY ELEMENTS (KOHA)
Source of classification or shelving scheme
Koha item type Book
Holdings
Withdrawn status Lost status Source of classification or shelving scheme Damaged status Not for loan Permanent Location Current Location Date acquired Total Checkouts Full call number Barcode Date last seen Price effective from Koha item type
          Military College of Engineering (MCE) Military College of Engineering (MCE) 08/29/2014   666.893 CEM MCE-20190 08/29/2014 08/29/2014 Book
© 2023 Central Library, National University of Sciences and Technology. All Rights Reserved.